000 01296nmm a2200445 a 4500
003 AR-BaBNM
005 20251128204848.0
008 166019s1995 ||||||||||||||000 | spa||
040 _cAR-BaBNM
110 1 _aSan Luis
_bMinisterio de Cultura y Educación
245 1 0 _aAportes para la enseñanza de las ciencias naturales
260 _aSan Luis
_bMarzo
_c1995
300 _a143 p.
_bil., gráfs.
500 _aApéndice: p. 137-139
500 _aGlosario: p. 140-141
504 _aContiene bibliografía al final de cada capítulo
650 4 _aENSEÑANZA DE LA CIENCIA
650 4 _aCIENCIAS NATURALES
650 4 _aAGUA
650 4 _aESTADOS DE LA MATERIA
650 4 _aCALIDAD DEL AGUA
650 4 _aCOMPUESTOS INORGANICOS
650 4 _aECOSISTEMAS ACUATICOS
650 4 _aHIDROSTATICA
650 4 _aENERGIA
650 4 _aHIDROSFERA
650 4 _aATMOSFERA
650 4 _aLLUVIA ACIDA
653 _aEDUCACION GENERAL BASICA
653 _aCONOCIMIENTO CIENTIFICO
700 1 _aLópez de Federigi, Nieves
_ecompilador
700 1 _aGiordano, María F.
700 1 _aLacreu, Héctor L.
700 1 _aStrasser, Edgardo N.
700 1 _aZakowicz, Esteban F.
700 1 _aReale, María I.
700 1 _aGarelis, Patricia
942 _cBK
998 _cGrace
999 _c9091
_d9091